000 00344nam a2200133Ia 4500
005 20251222144837.0
008 251222s9999||||xx |||||||||||||| ||spa||
020 _a84-7068-108-7
082 _a868.37/M84
100 _aMontalva de la Madre de Dios, Efrón J. M.
245 0 _aSanta Teresa por Dentro
264 _bEspiritualidad
942 _cLIB
999 _c21085
_d21085